| 000 | 00769cab a2200241 4500 | ||
|---|---|---|---|
| 001 | ABS57518 | ||
| 008 | 090401t1997 xxu||||| |||| 00| 0 eng d | ||
| 035 | _a(Sirsi) u80650 | ||
| 041 | _aeng | ||
| 100 | _aHarrison, S | ||
| 245 | _aStructure and local plans - problems and opportunities | ||
| 260 | _c1997 | ||
| 350 | _a0 | ||
| 490 |
_aScottish Planner _v(58) September 1997, 6-7(2) |
||
| 520 | _aExamines the questions of how structure and local planning in Scotland can be improved, and is there scope for streamlining and simplification? | ||
| 650 | _aLOCAL DEVELOPMENT PLANS | ||
| 650 | _aPLANNING SYSTEM | ||
| 650 | _aSCOTTISH PLANNING LAW | ||
| 650 | _aSTRUCTURE PLANS | ||
| 690 | _aPLANNING LAW AND PRACTICE | ||
| 942 | _n0 | ||
| 948 | _c03/09/1997 | ||
| 999 |
_c50772 _d50772 |
||